000 00638nam a22001817a 4500
005 20151208123803.0
010 _a ENG-114200
020 _a9789381281352
_c150.00
035 _aEN-97732
037 _bDBAD/PUB
082 _a230.41
100 _aRajagopalachari, Parthasarathi
245 _aThe pursuit of the inner way :
_bthe principles of sahaj marg /
_cby Parthasarathi Rajagopalachari
260 _aKolkatta
_bSpiritual Hierachy Publication Trust
_c2015 (repr.)
270 _aSpiritual Hierachy Publication Trust
_bKolkatta
_e700027
300 _aV.2(viii,202p.)
_c23cm(pbk)
942 _2ddc
_cEN
_mRAJ
_h230.41
999 _c97618
_d97618